[Event "Superettan(Stockholms SS-Horndal)"]
[Site "?"]
[Date "2017.01.14"]
[Round "4"]
[White "Korning, Peter"]
[Black "Kassani, Sam"]
[Result "0-1"]
[WhiteElo "2080"]
[BlackElo "2126"]
[PlyCount "80"]
1. e4 c6 2. d4 d5 3. exd5 cxd5 4. Bf4 Nf6 5. c3 Nc6 6. Nd2 a6 7. Be2 Bf5 8.
Ngf3 e6 9. Nh4 Bg6 10. Nxg6 hxg6 11. O-O Bd6 12. Bg3 Bxg3 13. hxg3 Qe7 14. b4
Nd7 15. Nb3 Rd8 16. Re1 Qf6 17. f3 Ne7 18. Bd3 Nf5 19. Bxf5 gxf5 20. Nc5 Nxc5
21. bxc5 f4 22. gxf4 Qxf4 23. Qe2 Rh5 24. g4 Rh3 25. Rf1 Ke7 26. Rab1 b5 27.
Qe5 Rg3+ 28. Kf2 Qxf3+ 29. Ke1 Qxc3+ 30. Kf2 Rxg4 31. Rg1 Qxd4+ 32. Qxd4 Rxd4
33. Rgc1 Rc8 34. Ke3 Ra4 35. Rc2 e5 36. Rbc1 Rc6 37. Rh1 Rc4 38. Rg2 R6xc5 39.
Rxg7 Rc3+ 40. Kf2 Rc2+ 0-1

[Event "Superettan(Upsala-Vasteras)"]
[Site "?"]
[Date "2017.01.14"]
[Round "4"]
[White "Landgren, Andreas"]
[Black "Cederberg, Karl Olof"]
[Result "1-0"]
[WhiteElo "2215"]
[BlackElo "2209"]
[PlyCount "101"]
1. d4 Nf6 2. c4 e5 3. dxe5 Ne4 4. a3 b6 5. Nf3 Bb7 6. Nbd2 a5 7. Qc2 Nc5 8. b3
d6 9. Bb2 dxe5 10. Bxe5 Nc6 11. Bb2 Qd7 12. e3 O-O-O 13. O-O-O f6 14. Be2 Bd6
15. h3 Kb8 16. Kb1 Qf7 17. Nd4 Rhe8 18. Nxc6+ Bxc6 19. Bf3 Bxf3 20. Nxf3 Ne4
21. Nd4 Rd7 22. f3 Nc5 23. Rhe1 g6 24. g4 Kb7 25. Nb5 Be5 26. Rxd7 Qxd7 27. Rd1
Qe7 28. Bd4 c6 29. Bxe5 cxb5 30. Bd4 bxc4 31. Qxc4 Rc8 32. Qb5 Qe6 33. Bxc5
Rxc5 34. Qd7+ Qxd7 35. Rxd7+ Ka6 36. Kb2 Re5 37. e4 h5 38. Kc3 hxg4 39. hxg4
Rc5+ 40. Kd3 f5 41. gxf5 gxf5 42. Rd5 fxe4+ 43. Kxe4 Rc3 44. Rd3 Rc8 45. f4
Re8+ 46. Kf5 Kb5 47. Kg6 Re1 48. f5 a4 49. bxa4+ Kxa4 50. f6 b5 51. Rg3 1-0

[Event "Superettan(Stockholms SS-Horndal)"]
[Site "?"]
[Date "2017.01.14"]
[Round "4"]
[White "Bergstrom, Rolf"]
[Black "Eriksson, Magnus"]
[Result "1-0"]
[WhiteElo "2268"]
[BlackElo "2037"]
[PlyCount "87"]
1. e4 e6 2. d4 d5 3. e5 c5 4. c3 Nc6 5. g3 Nge7 6. Bh3 Nf5 7. Ne2 cxd4 8. cxd4
Qb6 9. Bxf5 exf5 10. Nbc3 Be6 11. h4 h6 12. Be3 Rd8 13. Na4 Qa5+ 14. Kf1 Qc7
15. Rc1 Be7 16. Kg2 O-O 17. h5 Rfe8 18. a3 Rb8 19. b4 Qd8 20. Qd2 Kh7 21. Nb2
a6 22. Nd3 Qb6 23. Nc5 Rbd8 24. Nf4 Bg5 25. Nfxe6 Bxe3 26. Nf8+ Kg8 27. Qxe3
Kxf8 28. Qf4 Kg8 29. Rcd1 Ne7 30. Rhe1 Qc7 31. Rc1 Qb8 32. Qf3 Nc6 33. Qd3 Rc8
34. Rcd1 Ne7 35. Re2 Rc6 36. Rde1 Qc8 37. e6 b6 38. exf7+ Kxf7 39. Ne6 Rc3 40.
Qd2 Qc4 41. Nxg7 Kxg7 42. Rxe7+ Rxe7 43. Rxe7+ Kf8 44. Re6 1-0

[Event "Superettan(Upsala-Vasteras)"]
[Site "?"]
[Date "2017.01.14"]
[Round "4"]
[White "Johansson, Carl Fredrik"]
[Black "Norberg, Erik"]
[Result "1-0"]
[WhiteElo "2201"]
[BlackElo "2238"]
[PlyCount "93"]
1. d4 g6 2. c4 Bg7 3. e4 d6 4. Nc3 Nf6 5. f4 c5 6. d5 O-O 7. Nf3 e6 8. Be2 exd5
9. cxd5 b5 10. e5 dxe5 11. fxe5 Ng4 12. Bg5 f6 13. exf6 Bxf6 14. d6 Bb7 15.
Qb3+ Kh8 16. O-O Nd7 17. Bxf6+ Qxf6 18. Qxb5 Bxf3 19. Bxf3 Qxd6 20. Bxg4 Qd4+
21. Kh1 Qxg4 22. h3 Rxf1+ 23. Rxf1 Qe6 24. Rd1 Nf6 25. Qxc5 Kg7 26. Qd4 a6 27.
Rf1 Re8 28. Ne4 Qxe4 29. Qxf6+ Kh6 30. Qxa6 Rd8 31. Qa5 Rd3 32. Kh2 Re3 33. Qd2
Kg7 34. Qd6 Qe8 35. Qd4+ Kg8 36. Rd1 Re2 37. Qc4+ Kg7 38. Rd7+ Qxd7 39. Qxe2
Qc7+ 40. g3 h5 41. h4 Qc5 42. Qd2 Kh7 43. a4 Qe5 44. b4 g5 45. hxg5 h4 46. Qd3+
Kg8 47. Qg6+ 1-0

[Event "Superettan(Burgsvik-Rockaden,Sthlm II)"]
[Site "?"]
[Date "2017.01.14"]
[Round "4"]
[White "Backman, Michael"]
[Black "Krupenski, Juri"]
[Result "0-1"]
[WhiteElo "2147"]
[BlackElo "2426"]
[PlyCount "56"]
[SourceDate "2017.01.22"]
1. d4 Nf6 2. c4 e6 3. Nc3 Bb4 4. Qc2 c5 5. dxc5 O-O 6. Nf3 Na6 7. g3 Nxc5 8.
Bg2 b6 9. Nd4 Bb7 10. Bxb7 Nxb7 11. O-O Rc8 12. Qa4 Bxc3 13. bxc3 Na5 14. Ba3
Rxc4 15. Qb5 d6 16. Nb3 Rxc3 17. Rfd1 Nb7 18. Rd4 e5 19. Ra4 a5 20. Rh4 Qc7 21.
f4 Re8 22. fxe5 dxe5 23. e3 Qc6 24. Qf1 a4 25. Qh3 axb3 26. axb3 Rxb3 27. g4
Rxa3 28. Rf1 Qc5 0-1

[Event "Superettan(Schack 08-Vaxjo)"]
[Site "?"]
[Date "2017.01.14"]
[Round "4"]
[White "Aabling-Thomsen, Jakob"]
[Black "Renman, Nils-Gustaf"]
[Result "0-1"]
[WhiteElo "2403"]
[BlackElo "2354"]
[PlyCount "64"]
1. Nf3 d5 2. g3 Nf6 3. Bg2 Bg4 4. c4 c6 5. cxd5 cxd5 6. Ne5 Bc8 7. Nc3 e6 8. d4
Nc6 9. O-O Be7 10. Bf4 O-O 11. Rc1 Bd7 12. e4 dxe4 13. Nxe4 Nd5 14. Nxd7 Qxd7
15. Nc5 Qd8 16. Be3 Rc8 17. a3 b6 18. Nd3 Qd7 19. Qh5 g6 20. Qg4 Bf6 21. Rcd1
Rfd8 22. Nf4 Nce7 23. Rd2 Nxe3 24. fxe3 Nf5 25. Re1 Nxe3 26. Rxe3 Bxd4 27. Kf1
Rc1+ 28. Ke2 Qb5+ 29. Red3 Qe5+ 30. Kf3 f5 31. Ne2 fxg4+ 32. Kxg4 Qf5+ 0-1

[Event "Superettan(Burgsvik-Rockaden,Sthlm II)"]
[Site "?"]
[Date "2017.01.14"]
[Round "4"]
[White "Fries-Nielsen, Jens Ove"]
[Black "Bryntze, Stefan"]
[Result "1-0"]
[WhiteElo "2337"]
[BlackElo "2173"]
[PlyCount "109"]
[EventDate "2017.??.??"]
1. d4 e6 2. e4 c5 3. c3 b6 4. d5 Nf6 5. dxe6 fxe6 6. e5 Nd5 7. Bd3 g6 8. h4 Qc7
9. Nf3 Nc6 10. h5 Rg8 11. hxg6 hxg6 12. Qe2 Bb7 13. Bg5 Be7 14. Na3 O-O-O 15.
Bxe7 Ncxe7 16. Nb5 Nf4 17. Nxc7 Nxe2 18. Nxe6 dxe6 19. Bxe2 g5 20. Rh7 Ng6 21.
Nxg5 Nf4 22. Nf7 Nxg2+ 23. Kf1 Be4 24. Rh2 Rdf8 25. Nd6+ Kb8 26. Nxe4 Ne3+ 27.
Ke1 Nc2+ 28. Kd2 Nxa1 29. Rh1 Rf5 30. Rxa1 Rxe5 31. Ke3 Rh8 32. Bg4 c4 33. Rd1
Rh4 34. f3 Rh2 35. Rd2 Rxd2 36. Kxd2 Kc7 37. Ke3 Kd7 38. f4 Rb5 39. Ng5 Rxb2
40. Bxe6+ Ke7 41. Bxc4 Rb1 42. Ne4 b5 43. Bb3 Rf1 44. Nd2 Rc1 45. Kd4 Kf6 46.
Ne4+ Kf5 47. Nd6+ Kxf4 48. Nxb5 a5 49. Kc5 Ra1 50. Bf7 Ke5 51. Kb6 a4 52. Ka5
Rf1 53. Bc4 Rf4 54. Kb4 Rh4 55. Nd4 1-0

[Event "Superettan(Schack 08-Vaxjo)"]
[Site "?"]
[Date "2017.01.14"]
[Round "4"]
[White "Nyander, Joakim"]
[Black "Lindahl, Emil"]
[Result "1-0"]
[WhiteElo "2223"]
[BlackElo "2180"]
[PlyCount "49"]
1. c4 c5 2. g3 Nf6 3. Bg2 e6 4. Nf3 Be7 5. O-O O-O 6. b3 d6 7. Nc3 a6 8. d4
cxd4 9. Qxd4 Qc7 10. Rd1 b6 11. Ba3 Rd8 12. Na4 b5 13. Nb6 Ra7 14. Nxc8 Rxc8
15. cxb5 e5 16. b6 exd4 17. bxc7 Raxc7 18. Nxd4 g6 19. e3 Nbd7 20. Ne2 Nc5 21.
Nf4 a5 22. Rac1 Kf8 23. Bb2 Rd8 24. Bxf6 Bxf6 25. Nd5 1-0

[Event "Superettan(Burgsvik-Rockaden,Sthlm II)"]
[Site "?"]
[Date "2017.01.14"]
[Round "4"]
[White "Sorensen, Hampus"]
[Black "Andersson, Tommy"]
[Result "0-1"]
[WhiteElo "2128"]
[BlackElo "2404"]
[PlyCount "68"]
1. d4 Nf6 2. c4 e6 3. Nf3 d5 4. Nc3 Be7 5. cxd5 exd5 6. Bg5 c6 7. Qc2 Nbd7 8.
e3 Nf8 9. Bd3 Ne6 10. Bh4 g6 11. O-O O-O 12. a3 b6 13. Ne5 Bb7 14. f4 Nd7 15.
f5 Bxh4 16. Nxg6 Nxd4 17. exd4 fxg6 18. fxg6 h6 19. Rf7 Rxf7 20. gxf7+ Kxf7 21.
Rf1+ Bf6 22. Bf5 Nf8 23. Qd1 Qe7 24. Re1 Bxd4+ 25. Kh1 Qf6 26. Rf1 Kg7 27. Qg4+
Kh8 28. Bd3 Qg7 29. Qh5 Bc8 30. Ne2 Bg4 31. Qh4 Bxe2 32. Bxe2 Ne6 33. Bh5 Rf8
34. Re1 Bf2 0-1

[Event "Superettan(Schack 08-Vaxjo)"]
[Site "?"]
[Date "2017.01.14"]
[Round "4"]
[White "Rydstrom, Tom"]
[Black "Laveryd, Peter"]
[Result "1-0"]
[WhiteElo "2243"]
[BlackElo "2381"]
[PlyCount "81"]
1. e4 e6 2. d4 d5 3. Nc3 Nf6 4. e5 Nfd7 5. f4 c5 6. Nf3 Nc6 7. Be3 a6 8. Qd2 b5
9. Nd1 Qb6 10. c3 b4 11. Be2 Be7 12. O-O bxc3 13. bxc3 Qa5 14. Kh1 O-O 15. Bd3
cxd4 16. Nxd4 Nxd4 17. Bxd4 Nc5 18. Ne3 Ne4 19. Qe2 Bc5 20. Bxe4 dxe4 21. Nc4
Qc7 22. Bxc5 Qxc5 23. Qxe4 Bb7 24. Qd4 Qd5 25. Qxd5 Bxd5 26. Nd6 Rab8 27. c4
Bc6 28. Rfb1 f6 29. Kg1 g5 30. exf6 gxf4 31. f7+ Kg7 32. Ne8+ Rbxe8 33. fxe8=Q
Rxe8 34. Rb6 Rc8 35. Rxa6 Kf6 36. a4 Ke5 37. Re1+ Kd4 38. Rxe6 Bb7 39. Rab6 Ba8
40. Rf6 Kxc4 41. Rxf4+ 1-0

[Event "Superettan(Burgsvik-Rockaden,Sthlm II)"]
[Site "?"]
[Date "2017.01.14"]
[Round "4"]
[White "Persson, Mats"]
[Black "Nikolic, Vladan"]
[Result "1-0"]
[WhiteElo "2289"]
[BlackElo "2207"]
[PlyCount "131"]
1. d4 Nf6 2. Nf3 d5 3. g3 e6 4. Bg2 Be7 5. O-O O-O 6. c4 dxc4 7. Qc2 a6 8. a4
Bd7 9. Qxc4 Bc6 10. Bg5 Nbd7 11. Nc3 a5 12. Rfd1 h6 13. Bxf6 Nxf6 14. Rac1 Bb4
15. Ne5 Bxg2 16. Kxg2 c6 17. Kg1 Qe7 18. Nd3 Rfd8 19. Na2 Bd6 20. Nc3 Bb4 21.
e3 Nd7 22. Na2 Bd6 23. Qb3 Nf6 24. Nc3 Bb4 25. Nb1 Nd5 26. Nc3 Nf6 27. Ne2 Bd6
28. Nc3 Bb4 29. Nb1 Nd5 30. Qc4 Nb6 31. Qc2 Nd5 32. h4 Bd6 33. Nc3 Nb4 34. Nxb4
Bxb4 35. Qb3 g5 36. hxg5 hxg5 37. Ne4 f5 38. Nc5 Bxc5 39. Rxc5 Rd5 40. Rdc1 Kg7
41. e4 fxe4 42. Qe3 Qf6 43. Qxe4 Rf8 44. Qe3 Rfd8 45. Rxd5 Rxd5 46. Rc5 Qxd4
47. Qxd4+ Rxd4 48. Rxg5+ Kf6 49. Rxa5 Rb4 50. Kg2 Rxb2 51. Kf3 Rb4 52. Ke3 b6
53. Ra6 c5 54. a5 b5 55. Rc6 c4 56. a6 Ra4 57. Kd4 Ra2 58. Kc5 Rxf2 59. Kxb5
Rb2+ 60. Kxc4 Ra2 61. Kb5 Ke5 62. Kb6 Rb2+ 63. Kc7 Ra2 64. Kb7 Kd5 65. Rb6 Rf2
66. a7 1-0

[Event "Superettan(Schack 08-Vaxjo)"]
[Site "?"]
[Date "2017.01.14"]
[Round "4"]
[White "Ingbrant, Johan"]
[Black "Moren, Bjorn"]
[Result "1-0"]
[WhiteElo "2362"]
[BlackElo "2083"]
[PlyCount "65"]
1. Nf3 d5 2. c4 c6 3. e3 Nf6 4. Nc3 e6 5. b3 Bd6 6. Bb2 O-O 7. Be2 Nbd7 8. Qc2
Re8 9. O-O e5 10. cxd5 cxd5 11. Nb5 Bb8 12. Rac1 Nf8 13. Nc7 Bxc7 14. Qxc7 Qxc7
15. Rxc7 Ne6 16. Rc2 e4 17. Nd4 Bd7 18. Nf5 b6 19. Rfc1 Nc5 20. Nd4 Bg4 21. Bf1
Nfd7 22. h3 Be6 23. b4 Na4 24. Nxe6 fxe6 25. Bb5 Nxb2 26. Bxd7 Re7 27. Bc6 Rc8
28. Rxb2 b5 29. Rbc2 Rec7 30. Rc5 a6 31. Bxd5 Rxc5 32. Bxe6+ Kf8 33. Rxc5 1-0

[Event "Superettan(Burgsvik-Rockaden,Sthlm II)"]
[Site "?"]
[Date "2017.01.14"]
[Round "4"]
[White "Kyhle, Bo"]
[Black "Nygren, Kim"]
[Result "1-0"]
[WhiteElo "2137"]
[BlackElo "2213"]
[PlyCount "35"]
1. d4 Nf6 2. c4 e5 3. dxe5 Ne4 4. a3 b6 5. Nd2 Bb7 6. Nxe4 Bxe4 7. Nf3 Nc6 8.
Bf4 f6 9. e3 Qe7 10. exf6 Qxf6 11. Bd3 Bxd3 12. Qxd3 O-O-O 13. Bg5 Qxb2 14. O-O
g6 15. Bxd8 Kxd8 16. Nd4 Nxd4 17. exd4 Bg7 18. Rad1 1-0

[Event "Superettan(Schack 08-Vaxjo)"]
[Site "?"]
[Date "2017.01.14"]
[Round "4"]
[White "Neretljak, Nedzad"]
[Black "Drugge, Patrick"]
[Result "1-0"]
[WhiteElo "2037"]
[BlackElo "2189"]
[PlyCount "61"]
1. e4 e5 2. Nf3 Qe7 3. Nc3 c6 4. d4 d6 5. Be2 Nf6 6. O-O Qc7 7. Nh4 Be7 8. f4
Qb6 9. Be3 Qxb2 10. Qe1 exf4 11. Rb1 Qxc2 12. Rc1 Qb2 13. Bxf4 Nxe4 14. Bc4 d5
15. Nxd5 cxd5 16. Bxd5 O-O 17. Qxe4 Bxh4 18. Bd6 Nc6 19. Bxf7+ Kh8 20. Bxf8 Bd7
21. Bc5 Bf2+ 22. Kh1 Bxd4 23. Bxd4 Nxd4 24. Be8 Bf5 25. Qe7 h6 26. Rc7 Ne6 27.
Rxb7 Qxa2 28. Rb4 Qe2 29. Bb5 Qd2 30. Rxf5 Qe1+ 31. Bf1 1-0

[Event "Superettan(Burgsvik-Rockaden,Sthlm II)"]
[Site "?"]
[Date "2017.01.14"]
[Round "4"]
[White "Linusson, Pelle"]
[Black "Sandbom, Jonas"]
[Result "1-0"]
[WhiteElo "2256"]
[BlackElo "2104"]
[PlyCount "73"]
1. Nf3 Nf6 2. c4 g6 3. g3 Bg7 4. Bg2 O-O 5. O-O d5 6. cxd5 Nxd5 7. Nc3 Nb6 8.
d4 Nc6 9. e3 e5 10. d5 Ne7 11. e4 Bg4 12. Qb3 Nec8 13. a4 a5 14. Be3 Nd6 15.
Nd2 Bd7 16. Rac1 f5 17. exf5 gxf5 18. Rfe1 Kh8 19. Bc5 Re8 20. Bf1 Nbc8 21. Nf3
b6 22. Be3 c5 23. dxc6 Bxc6 24. Nd5 Qd7 25. Rxc6 Qxc6 26. Rc1 Qd7 27. Nc7 Rb8
28. Nxe8 Qxe8 29. Rc7 Qd8 30. Qc2 Ne8 31. Rxg7 Nxg7 32. Nxe5 Nd6 33. Qd2 Nge8
34. Nc6 Qc7 35. Nxb8 Qxb8 36. Bf4 Kg7 37. Bb5 1-0

[Event "Superettan(Schack 08-Vaxjo)"]
[Site "?"]
[Date "2017.01.14"]
[Round "4"]
[White "Schutz, Ingemar"]
[Black "Barakpour, Kamran"]
[Result "1-0"]
[WhiteElo "2194"]
[BlackElo "2002"]
[PlyCount "85"]
1. e4 d6 2. d4 Nf6 3. Nc3 Nbd7 4. g4 e5 5. g5 Ng8 6. Bc4 Nb6 7. Bb3 exd4 8.
Qxd4 Ne7 9. Bf4 Nc6 10. Qd3 Qe7 11. O-O-O Ne5 12. Qg3 Bd7 13. Nge2 O-O-O 14. h4
f6 15. Be3 c6 16. f4 Nf7 17. Bxb6 axb6 18. Qe3 Kc7 19. Rd4 Be6 20. Bxe6 Qxe6
21. Rb4 Rb8 22. Qxb6+ Kc8 23. Nd4 Qd7 24. Ncb5 Ra8 25. Na7+ Rxa7 26. Qxa7 Nd8
27. Qa8+ Kc7 28. f5 Qc8 29. Qxc8+ Kxc8 30. Ra4 Kb8 31. Rc4 Be7 32. Rg1 Re8 33.
Rc3 fxg5 34. hxg5 h6 35. gxh6 gxh6 36. Nf3 Bg5+ 37. Nxg5 hxg5 38. Rxg5 Rxe4 39.
Rf3 Nf7 40. Rg8+ Kc7 41. Rg7 Re7 42. Rh3 Kd7 43. f6 1-0

[Event "Superettan(Burgsvik-Rockaden,Sthlm II)"]
[Site "?"]
[Date "2017.01.14"]
[Round "4"]
[White "Bit-Narva, David"]
[Black "Andersson, Bjorn"]
[Result "1-0"]
[WhiteElo "2001"]
[BlackElo "2210"]
[PlyCount "43"]
1. e4 c5 2. Nf3 Nc6 3. Bb5 e6 4. O-O Nge7 5. Re1 Ng6 6. c3 Be7 7. d4 cxd4 8.
cxd4 O-O 9. Nc3 d5 10. e5 f6 11. Bd3 Qe8 12. exf6 Rxf6 13. Bg5 Rxf3 14. Qxf3
Bxg5 15. Nxd5 Qd8 16. Nc3 Qxd4 17. Bxg6 hxg6 18. Ne4 Bf6 19. Qg3 Ne7 20. Rad1
Qe5 21. Rd8+ Kh7 22. Nxf6+ 1-0

[Event "Superettan(Schack 08-Vaxjo)"]
[Site "?"]
[Date "2017.01.14"]
[Round "4"]
[White "Gonzalez, Emilio"]
[Black "Ottenklev, Niclas"]
[Result "0-1"]
[WhiteElo "1925"]
[BlackElo "2168"]
[PlyCount "38"]
1. c4 f5 2. Nc3 Nf6 3. Nf3 g6 4. g3 Bg7 5. Bg2 O-O 6. O-O d6 7. d3 e5 8. Ne1 c6
9. e4 Be6 10. b3 f4 11. Rb1 Nbd7 12. gxf4 exf4 13. d4 Ng4 14. d5 Bxc3 15. dxe6
Nde5 16. h3 Bxe1 17. Qxe1 f3 18. hxg4 Qh4 19. Qd1 Qxg4 0-1

[Event "Superettan(Burgsvik-Rockaden,Sthlm II)"]
[Site "?"]
[Date "2017.01.14"]
[Round "4"]
[White "Larsson, Victor"]
[Black "Crevatin, Leo"]
[Result "0-1"]
[WhiteElo "2153"]
[BlackElo "1976"]
[PlyCount "88"]
1. e4 c5 2. Nf3 Nc6 3. d4 cxd4 4. Nxd4 Nf6 5. Nc3 e5 6. Ndb5 d6 7. Nd5 Nxd5 8.
exd5 Nb8 9. c4 Nd7 10. Qa4 a6 11. c5 dxc5 12. d6 axb5 13. Qxa8 c4 14. Bg5 f6
15. Be3 Bxd6 16. O-O-O Ke7 17. g3 Qc7 18. Bh3 Rd8 19. Rd5 b6 20. Rxd6 Qxd6 21.
Rd1 Qc7 22. Qe4 g6 23. Qh4 Nf8 24. Rxd8 Qxd8 25. Bh6 Bxh3 26. Qxh3 Nd7 27. Be3
Qg8 28. f4 exf4 29. gxf4 f5 30. Bd4 Kd6 31. Qa3+ Kc6 32. Qe7 Qd5 33. Be5 Qh1+
34. Kc2 Qxh2+ 35. Kc1 Qh1+ 36. Kc2 Qe4+ 37. Kc1 Qd5 38. Qe8 Kb7 39. Qe7 h5 40.
Bf6 Qh1+ 41. Kc2 Qg2+ 42. Kc1 Qf1+ 43. Kc2 Qd3+ 44. Kc1 b4 0-1

[Event "Superettan(Schack 08-Vaxjo)"]
[Site "?"]
[Date "2017.01.14"]
[Round "4"]
[White "Wikstrom, Per"]
[Black "Heidenfors, Ronald"]
[Result "1/2-1/2"]
[WhiteElo "2194"]
[BlackElo "1906"]
[PlyCount "137"]
1. d4 d5 2. Bf4 Nf6 3. e3 e6 4. Nf3 c5 5. c3 Nc6 6. Nbd2 Be7 7. h3 Bd6 8. Bxd6
Qxd6 9. Bb5 O-O 10. O-O Bd7 11. Bxc6 Bxc6 12. Ne5 Nd7 13. f4 f6 14. Nxd7 Bxd7
15. Nf3 b5 16. Qd2 a5 17. a3 c4 18. Qe2 Rab8 19. e4 dxe4 20. Qxe4 Bc6 21. Qe2
Bd5 22. Nd2 Qc6 23. Rfe1 Rb6 24. Nf1 Rfb8 25. Ne3 Re8 26. Qh5 Rd8 27. Re2 Be4
28. f5 Bd3 29. Ree1 Qd7 30. fxe6 Rxe6 31. Ng4 Qe8 32. Qh4 Rdd6 33. Qg3 Qc6 34.
Rxe6 Rxe6 35. Re1 Rxe1+ 36. Qxe1 Qe4 37. Qg3 Qc6 38. Qb8+ Kf7 39. Qf4 Qe4 40.
Qxe4 Bxe4 41. Kf2 Ke6 42. Ne3 Bd3 43. Kf3 h5 44. h4 g5 45. g3 a4 46. g4 Bg6 47.
Kg3 hxg4 48. Kxg4 gxh4 49. Kxh4 Be4 50. Kg4 Bg6 51. Ng2 Be4 52. Nf4+ Kf7 53.
Kh5 Bf3+ 54. Kh6 Be4 55. Kh5 Bf3+ 56. Kh4 Ke7 57. Kg3 Be4 58. Ne2 Ke6 59. Kf4
Bd3 60. Ng3 Kd5 61. Nh5 Ke6 62. Ng7+ Kf7 63. Nf5 Ke6 64. Ne3 Bb1 65. Ng4 Bd3
66. Nf2 Bc2 67. Ne4 Bb1 68. Nc5+ Kd6 69. Ne4+ 1/2-1/2

[Event "Superettan(Stockholms SS-Horndal)"]
[Site "?"]
[Date "2017.01.14"]
[Round "4"]
[White "Angskog, Kent"]
[Black "Ertan, Can"]
[Result "1/2-1/2"]
[WhiteElo "2181"]
[BlackElo "2385"]
[PlyCount "65"]
1. Nf3 Nf6 2. c4 b6 3. d3 d6 4. e4 e5 5. Nc3 Be7 6. Be2 O-O 7. O-O Bg4 8. Ne1
Be6 9. f4 exf4 10. Bxf4 c6 11. Nc2 a6 12. d4 d5 13. cxd5 cxd5 14. Ne3 Nxe4 15.
Nxe4 dxe4 16. d5 Bd7 17. d6 Bf6 18. Nd5 Bxb2 19. Rb1 Ba3 20. Be3 Nc6 21. Rxb6
Bxd6 22. Nf6+ gxf6 23. Qxd6 Ne7 24. Qg3+ Ng6 25. Rbxf6 Qb8 26. Bc4 Qxg3 27.
hxg3 Bb5 28. Bxf7+ Kg7 29. Bd4 Bxf1 30. Rxf1+ Kh6 31. Be3+ Kg7 32. Bd4+ Kh6 33.
Be3+ 1/2-1/2

[Event "Superettan(Upsala-Vasteras)"]
[Site "?"]
[Date "2017.01.14"]
[Round "4"]
[White "Akesson, Ralf"]
[Black "Johansson, Jan"]
[Result "1-0"]
[WhiteElo "2413"]
[BlackElo "2355"]
[PlyCount "83"]
1. Nf3 d5 2. d4 Nf6 3. c4 dxc4 4. e3 e6 5. Bxc4 c5 6. O-O Nc6 7. Qe2 a6 8. Rd1
Qc7 9. a4 Be7 10. dxc5 Bxc5 11. Nbd2 O-O 12. h3 e5 13. Nb3 Ba7 14. e4 Nh5 15.
Bd2 Be6 16. Rac1 Bxc4 17. Qxc4 Nf4 18. Bxf4 exf4 19. e5 Rad8 20. Re1 Qb6 21.
Rc2 Qb4 22. Nc1 Rfe8 23. Qxb4 Nxb4 24. Rc7 Rb8 25. Rd1 Bb6 26. Rcd7 Nc6 27.
R1d6 h6 28. Nd3 Rec8 29. Nxf4 Bc7 30. Rd5 Nb4 31. Rd2 b5 32. axb5 Rxb5 33. Re2
Rc5 34. g3 Rd8 35. e6 fxe6 36. Rxg7+ Kxg7 37. Nxe6+ Kg8 38. Nxc5 Bb6 39. Na4
Ba7 40. Re7 Nc6 41. Re6 Nb4 42. Rxh6 1-0

[Event "Superettan(Stockholms SS-Horndal)"]
[Site "?"]
[Date "2017.01.14"]
[Round "4"]
[White "Lissang, Christopher"]
[Black "Olsson, Krister"]
[Result "0-1"]
[WhiteElo "2338"]
[BlackElo "2388"]
[PlyCount "128"]
[SourceDate "2017.01.22"]
1. Nf3 d6 2. d4 Bg4 3. c4 Nd7 4. Nc3 e5 5. d5 Be7 6. g3 Ngf6 7. Bg2 O-O 8. O-O
c6 9. h3 Bh5 10. dxc6 bxc6 11. Nh4 Nb6 12. b3 d5 13. g4 Bg6 14. g5 Bb4 15. Nxg6
hxg6 16. gxf6 Bxc3 17. Ba3 Bxa1 18. Be7 Qc7 19. Bxf8 gxf6 20. Bb4 a5 21. Bc5
Bc3 22. Bxb6 Qxb6 23. cxd5 cxd5 24. Bxd5 Rd8 25. Qd3 Kg7 26. Qxc3 Rxd5 27. Qc1
Qd4 28. Qc4 Qd2 29. e3 Rd8 30. a4 Rb8 31. Rc1 Rb4 32. Qc2 Qd5 33. Qc3 Rxb3 34.
Qc8 Rb4 35. Kh2 Rxa4 36. Rc2 Qd1 37. Rc1 Qf3 38. Kg1 Ra2 39. Rf1 a4 40. Qc4 Rb2
41. Qxa4 e4 42. Qd7 Qe2 43. Qg4 Qc4 44. Kg2 Rb5 45. h4 Rf5 46. Rh1 Qe6 47. Qh3
Qa2 48. Rf1 Qe2 49. Kg1 Qh5 50. Kh1 Rf3 51. Qh2 Qf5 52. Qg2 Rh3+ 53. Kg1 Rxh4
54. f3 Qh5 55. Rf2 exf3 56. Qxf3 Rg4+ 57. Kf1 Qg5 58. Qc6 Rg1+ 59. Ke2 Qg4+ 60.
Rf3 Qg2+ 61. Kd3 Rd1+ 62. Ke4 f5+ 63. Ke5 Qb2+ 64. Kf4 Qh2+ 0-1

[Event "Superettan(Upsala-Vasteras)"]
[Site "?"]
[Date "2017.01.14"]
[Round "4"]
[White "Thorgeirsson, Sverrir"]
[Black "Sjodahl, Pontus"]
[Result "1-0"]
[WhiteElo "2283"]
[BlackElo "2419"]
[PlyCount "127"]
1. d4 Nf6 2. Nf3 d5 3. e3 Bf5 4. Bd3 Bg6 5. b3 e6 6. Bb2 Bb4+ 7. c3 Bd6 8. O-O
Nbd7 9. c4 c6 10. Qc2 Ne4 11. Nfd2 f5 12. f4 Bh5 13. Nxe4 fxe4 14. Be2 Bxe2 15.
Qxe2 Qh4 16. g3 Qh3 17. Qg2 Qxg2+ 18. Kxg2 Ke7 19. Nc3 Nf6 20. h3 h5 21. a4 a5
22. Ba3 Bxa3 23. Rxa3 g6 24. Ra2 Rh7 25. Rb2 Nd7 26. c5 b6 27. cxb6 Rb8 28. b4
Rxb6 29. Rfb1 Rh8 30. bxa5 Rxb2+ 31. Rxb2 Ra8 32. g4 h4 33. Kf2 Rxa5 34. Ke2
Ra6 35. Rb7 Kd8 36. Rb4 Kc7 37. Nd1 c5 38. dxc5 Nxc5 39. Nc3 Kc6 40. Kf1 Ra8
41. Ke2 Ra7 42. Kf1 Ra6 43. Ke2 Ra8 44. Kd2 Nd3 45. Rb1 g5 46. fxg5 Ne5 47. Ke2
Nc4 48. Rf1 Kc5 49. g6 Kb4 50. Nb5 Rg8 51. Rf6 e5 52. Nd6 Kxa4 53. Nf5 d4 54.
exd4 exd4 55. Nxd4 Kb4 56. Nc6+ Kc3 57. Ne7 Ra8 58. g7 Ra2+ 59. Ke1 Ra1+ 60.
Ke2 Ra2+ 61. Kf1 Ne3+ 62. Kg1 Ra1+ 63. Kf2 Nd1+ 64. Ke2 1-0

[Event "Superettan(Stockholms SS-Horndal)"]
[Site "?"]
[Date "2017.01.14"]
[Round "4"]
[White "Rorvall, Goran"]
[Black "Lokander, Martin"]
[Result "0-1"]
[WhiteElo "2165"]
[BlackElo "2311"]
[PlyCount "70"]
1. e4 c5 2. Nf3 Nc6 3. d3 g6 4. g3 Bg7 5. Bg2 b5 6. a4 b4 7. O-O d6 8. Re1 Rb8
9. Nbd2 Nf6 10. Nc4 Nd7 11. Rb1 Nb6 12. b3 Nxc4 13. dxc4 Bg4 14. Qd5 Qc8 15.
Ng5 O-O 16. Bb2 h6 17. Bxg7 Kxg7 18. Nf3 Bxf3 19. Bxf3 Nd4 20. Bd1 f6 21. e5
dxe5 22. f4 e6 23. Qe4 exf4 24. gxf4 Qb7 25. Kf2 g5 26. Bf3 Qc7 27. Rg1 f5 28.
Qe3 Nxc2 29. Qd2 Nd4 30. fxg5 Qxh2+ 31. Rg2 Qh4+ 32. Rg3 f4 33. gxh6+ Kf6 34.
Rbg1 fxg3+ 35. Rxg3 Rg8 0-1

[Event "Superettan(Upsala-Vasteras)"]
[Site "?"]
[Date "2017.01.14"]
[Round "4"]
[White "Eriksson, Johan"]
[Black "Johansson, Thomas"]
[Result "1/2-1/2"]
[WhiteElo "2393"]
[BlackElo "2236"]
[PlyCount "127"]
1. d4 Nf6 2. c4 e6 3. Nc3 Bb4 4. f3 c5 5. d5 d6 6. e4 Qe7 7. Nge2 O-O 8. a3 Ba5
9. Bg5 Nbd7 10. Qa4 Bxc3+ 11. Nxc3 h6 12. Bh4 Ne5 13. Be2 Ng6 14. Bg3 exd5 15.
cxd5 Nh5 16. Bf2 Nhf4 17. Bf1 Ne5 18. O-O-O Bd7 19. Qc2 c4 20. Bg3 Ned3+ 21.
Kb1 b5 22. Qd2 Qf6 23. Ne2 Nh5 24. Nc1 Nxg3 25. hxg3 Nc5 26. Qf4 Qe5 27. Qxe5
dxe5 28. g4 Rfc8 29. Be2 a5 30. d6 f6 31. Rd2 Rab8 32. Rhd1 Kf7 33. g3 Ne6 34.
Rd5 Nd4 35. R5xd4 exd4 36. Rxd4 Be6 37. f4 Ke8 38. Na2 Kd7 39. Nc3 Rc5 40. a4
bxa4 41. Ka2 Rb4 42. Bd1 Kd8 43. Bxa4 Bxg4 44. e5 fxe5 45. fxe5 Be6 46. Rf4
Rxa4+ 47. Nxa4 Rxe5 48. Nb6 Ke8 49. Ka3 Rb5 50. Nxc4 Bxc4 51. Rxc4 Rg5 52. g4
Kd7 53. Rd4 g6 54. b4 axb4+ 55. Kxb4 h5 56. gxh5 gxh5 57. Kc3 Rg6 58. Kd3 Rh6
59. Ke3 h4 60. Kf2 h3 61. Kg1 h2+ 62. Kh1 Rxd6 63. Rxd6+ Kxd6 64. Kxh2 1/2-1/2

[Event "Superettan(Stockholms SS-Horndal)"]
[Site "?"]
[Date "2017.01.14"]
[Round "4"]
[White "Uddenfeldt, Dan"]
[Black "Marcus, Hakan"]
[Result "0-1"]
[WhiteElo "2369"]
[BlackElo "2182"]
[PlyCount "110"]
1. Nf3 d5 2. g3 c6 3. Bg2 g6 4. d3 Bg7 5. c3 Nf6 6. Nbd2 O-O 7. O-O Re8 8. Qc2
Nbd7 9. Rd1 b6 10. b4 Bb7 11. e4 Qc7 12. Bb2 a5 13. bxa5 Rxa5 14. Nb3 Ra7 15.
c4 dxe4 16. dxe4 Rea8 17. a3 c5 18. Nbd2 Ne8 19. Re1 Bxb2 20. Qxb2 Ng7 21. Re3
e5 22. Bh3 f6 23. Rae1 Nf8 24. Rb3 Ra6 25. Rb1 Bc6 26. Ne1 Nge6 27. Nc2 Rb8 28.
Ne3 Nd4 29. Rd3 Kg7 30. Nd5 Bxd5 31. exd5 b5 32. cxb5 Rxb5 33. Qa2 Rxb1+ 34.
Nxb1 f5 35. Bf1 Rb6 36. Nd2 Qb7 37. Qc4 Nd7 38. Nf3 Nxf3+ 39. Rxf3 e4 40. Re3
Rd6 41. Qc3+ Nf6 42. Qxc5 Rxd5 43. Qc3 Qe7 44. a4 g5 45. Re1 Qa7 46. Ra1 f4 47.
Be2 Rc5 48. Qb2 f3 49. Bb5 e3 50. fxe3 Rf5 51. Kf2 Kh6 52. Qb4 Qb7 53. Ra2 Ne4+
54. Kf1 f2 55. Rc2 Nxg3+ 0-1